书目信息 |
| 题名: |
考研英语词汇50天突破
|
|
| 作者: | 宋新 , 许杨 编著 | |
| 分册: | ||
| 出版信息: | 杭州 浙江教育出版社 2011 |
|
| 页数: | 255页 | |
| 开本: | 28cm | |
| 丛书名: | ||
| 单 册: | ||
| 中图分类: | H313 | |
| 科图分类: | ||
| 主题词: | 英语 | |
| 电子资源: | ||
| ISBN: | 7-5338-8117-6 | |
| 000 | 00595nam0 2200205 450 | |
| 001 | 1758614390 | |
| 005 | 20170218111214.46 | |
| 010 | @a7-5338-8117-6@dCNY30.00 | |
| 100 | @a20170217d2011 km y0chiy0120 ea | |
| 101 | 0 | @achi |
| 102 | @aCN@b330000 | |
| 200 | 1 | @a考研英语词汇50天突破@Akao yan ying yu ci hui 50 tian tu po@f宋新, 许杨编著@Fsong xin,xu yang bian zhu |
| 210 | @a杭州@c浙江教育出版社@d2011 | |
| 215 | @a255页@d28cm | |
| 606 | 0 | @a英语 |
| 690 | @aH313@v4 | |
| 701 | 0 | @a宋新@Asong xin@4编著 |
| 701 | 0 | @a许杨@Axu yang@4编著 |
| 801 | 0 | @aCN@bMUSE@c20170218 |
| 905 | @aMUSE@dH313@eS7832 | |
| 考研英语词汇50天突破/宋新, 许杨编著.-杭州:浙江教育出版社,2011 |
| 255页;28cm |
| ISBN 7-5338-8117-6:CNY30.00 |
| ● |
| 相关链接 |
|
|
|
正题名:考研英语词汇50天突破
索取号:H313/S7832
 
预约/预借
| 序号 | 登录号 | 条形码 | 馆藏地/架位号 | 状态 | 备注 |
| 1 | 1239033 | 212390330 | 语言库209/209语言库 103排7列2层/ [索取号:H313/S7832] | 在馆 |